000
00278nam a2200109Ia 4500
008
190216s9999||||xx |||||||||||||| ||und||
100
_a
Varma M M & Agarwal R K
245
0
_a
Organisation And Management
260
_b
Sulthan Chand&Sons
_c
1998
300
_a
280+62
942
_c
BK
999
_c
4916
_d
4916